|
|
|
|
| LEADER |
00000nam0a2200000 4500 |
| 001 |
69483 |
| 005 |
20231101212441.0 |
| 035 |
|
|
|a (RuTPU)RU\TPU\book\73981
|
| 090 |
|
|
|a 69483
|
| 100 |
|
|
|a 20041025d1978 km y0rusy50 ca
|
| 101 |
0 |
|
|a rus
|
| 102 |
|
|
|a RU
|
| 105 |
|
|
|a a z 001zy
|
| 200 |
1 |
|
|a Электромагнитные устройства радиоэлектронной аппаратуры
|f Л. А. Казаков
|
| 210 |
|
|
|a Москва
|c Советское радио
|d 1978
|
| 215 |
|
|
|a 168 с.
|c ил.
|
| 225 |
1 |
|
|a Библиотека радиоконструктора
|
| 320 |
|
|
|a Библиогр.: с. 162-165
|
| 320 |
|
|
|a Предметный указатель: с. 166
|
| 606 |
|
|
|a Радиоэлектронная аппаратура
|x Электромагнитные элементы
|2 stltpush
|3 (RuTPU)RU\TPU\subj\23513
|9 48098
|
| 610 |
1 |
|
|a электромагнитные устройства
|
| 610 |
1 |
|
|a конструкции
|
| 610 |
1 |
|
|a параметры
|
| 610 |
1 |
|
|a расчеты
|
| 610 |
1 |
|
|a проектирование
|
| 675 |
|
|
|a 621.396.69
|v 3
|
| 700 |
|
1 |
|a Казаков
|b Л. А.
|g Леонид Алексеевич
|
| 801 |
|
1 |
|a RU
|b 63413507
|c 20041025
|g PSBO
|
| 801 |
|
2 |
|a RU
|b 63413507
|c 20180428
|g PSBO
|
| 942 |
|
|
|c BK
|